ბათუმის შოთა რუსთაველის სახელმწიფო უნივერსიტეტის ბიბლიოთეკა

Deutschunterricht planen neu. Volume 18 (ბიბ.ჩანაწერი № 51278)

000 -LEADER
fixed length control field 00887nam a2200253Ia 4500
001 - CONTROL NUMBER
control field 18242
003 - CONTROL NUMBER IDENTIFIER
control field GE_BSU
008 - FIXED-LENGTH DATA ELEMENTS--GENERAL INFORMATION
fixed length control field 181216s||||||||xx |||||||||||||| ||und||
020 ## - INTERNATIONAL STANDARD BOOK NUMBER
International Standard Book Number 9783126064965
040 ## - CATALOGING SOURCE
Transcribing agency GE_BSU
080 ## - UNIVERSAL DECIMAL CLASSIFICATION NUMBER
Universal Decimal Classification number 811.112
100 ## - MAIN ENTRY--PERSONAL NAME
Personal name Bimmel Peter, Bernd Kast, Gerhard Neuner.
245 ## - TITLE STATEMENT
Title Deutschunterricht planen neu. Volume 18
260 ## - PUBLICATION, DISTRIBUTION, ETC.
Place of publication, distribution, etc. Munchen
260 ## - PUBLICATION, DISTRIBUTION, ETC.
Name of publisher, distributor, etc. langenscheidt
260 ## - PUBLICATION, DISTRIBUTION, ETC.
Date of publication, distribution, etc. 2011
300 ## - PHYSICAL DESCRIPTION
Extent 206p;ill,30cm
300 ## - PHYSICAL DESCRIPTION
Other physical details +1CD-Rom
653 ## - INDEX TERM--UNCONTROLLED
Uncontrolled term Deutschunterricht planen neu
653 ## - INDEX TERM--UNCONTROLLED
Uncontrolled term Volume 18 of Deutsch als Fremdsprache und Germanistik Fernstudienangebot Deutsch als Fremdsprache Volume 18 of Fernstudienprojekt zur Fort- und Weiterbildung im Bereich Germanistik und Deutsch als Fremdsprache / Fernstudieneinheit
653 ## - INDEX TERM--UNCONTROLLED
Uncontrolled term გერმანული ენა (გრამატიკა)
942 ## - ADDED ENTRY ELEMENTS (KOHA)
Koha item type წიგნი
ეგზემპლარები
Withdrawn status Lost status Damaged status Not for loan Date acquired Barcode Date last seen Price effective from Koha item type
        2018-12-17 46499 2018-12-17 2018-12-17 წიგნი